Open Data Biblioteca Nacional de Portugal


República Portuguesa: Ministério da Cultura
Biblioteca Nacional de Portugal

Catálogo da BNP: acesso por Identificadores Unívocos
Registos Bibliográficos associados ao registo de autoridade

Etiqueta de registo: 00000nkm 2200025 450
001 2277635
003 http://id.bnportugal.gov.pt/bib/catbnp/2277635
100 ## $a20260306d1990 m y0pory01030103ba
101 0# $aspa$aeng
102 ## $aES
200 1# $aTem '90, Salón Internacional de Técnicas y Equipamientos Municipales, Madrid, 12-15 junio 1990$bVisual gráfico]$fIFEMA - Institucion Ferial de Madrid
210 #9 $aMadrid$cIFEMA - Institucion Ferial de Madrid,$d1990
215 ## $a1 cartaz$ccolor.$d60x42,4 cm
317 ## $aColeção Madeira Luís
710 02 $aSalón Internacional de Técnicas y Equipamientos Municipales,$eMadrid,$f1990$31989782
712 02 $aIFEMA - Feria de Madrid$4557$31661560
801 #0 $aPT$bBN$gRPC
966 ## $lBN$mICONOG$sCT. 24001 A.$x3
971 ## $cCaticonografia1$d20260306
995 ## $aPRR2026

OpendataBNP@bnportugal.pt | Mais informação sobre acesso aos dados BNP